000
00333nam a22001457a 4500
008
221020b ||||| |||| 00| 0 eng d
020
_a
9781416040934
041
_a
eng
080
_2
FIFTH EDITION
_a
617
082
_a
617 MILL
100
_a
15.1
101
_a
ORTO
245
_a
REVIEW OF ORTHOPAEDICS
_c
MILLER M
942
_2
udc
_c
BK
999
_c
58614
_d
58614